Statistics for Amber Heard Filmography

Click here to take the quiz!

General Stats

  • This quiz has been taken 27 times
    (3 since last reset)
  • The average score is 21 of 55

Answer Stats

TypeYearName% Correct
Film2018Aquaman
100%
TV Film2021Zack Snyder's Justice League
100%
Film2023Aquaman and the Lost Kingdom
67%
Film2017Justice League
67%
Film2015Magic Mike XXL
67%
Film2008The Informers
67%
Film20143 Days to Kill
33%
Film2006All the Boys Love Mandy Lane
33%
Film2006Alpha Dog
33%
Film2010And Soon the Darkness
33%
TV Show2007Californication
33%
TV Show2006Criminal Minds
33%
Short Film2007Day 73 with Sarah
33%
Documentary Mini-Series2023Depp V Heard
33%
Film2011Drive Angry
33%
Film2005Drop Dead Sexy
33%
Film2004Friday Night Lights
33%
Film2019Gully
33%
Film2018Her Smell
33%
TV Show2007Hidden Palms
33%
Film2017I Do... Until I Don't
33%
Film2023In the Fire
33%
Music Video2005I Wasn't Prepared
33%
TV Show2004Jack & Bobby
33%
Documentary Mini-Series2021Johnny vs Amber
33%
Film2018London Fields
33%
Commercial2019-2020L'Oreal Paris
33%
Film2008Never Back Down
33%
Film2005North Country
33%
Film2015One More Time
33%
TV Show2015Overhaulin'
33%
Film2013Paranoia
33%
Film2008Pineapple Express
33%
Film2006Price to Pay
33%
Film2007Remember the Daze
33%
Film2004SideFX
33%
Film2007Spin
33%
Film2013Syrup
33%
Film2015The Adderall Diaries
33%
TV Show2010The Cleveland Show
33%
Film2015The Danish Girl
33%
Film2009The Joneses
33%
TV Show2004The Mountain
33%
TV Show2005The O.C.
33%
TV Show2011The Playboy Club
33%
TV Film2015The Prince
33%
Music Video2003There Goes My Life
33%
Film2010The River Why
33%
Film2011The Rum Diary
33%
Web Mini-Series2020-2021The Stand
33%
Film2009The Stepfather
33%
Film2010The Ward
33%
TV Show2011Top Gear
33%
Theater2012Workday
33%
Film2009Zombieland
33%

Score Distribution

Percentile by Number Answered

Percent of People with Each Score

Your Score History

You have not taken this quiz since the last reset